| 000 | 00977nam a2200241Ia 4500 | ||
|---|---|---|---|
| 005 | 20250115110540.0 | ||
| 008 | 210716s2012 xx 000 0 und d | ||
| 020 | _a9788184248128 | ||
| 040 | _cAIMIT LIBRARY | ||
| 041 | _aeng | ||
| 082 |
_a001.072368 _21 _bMEHK |
||
| 100 |
_aMehta, K M;Hou, Jingyu. _9193444 |
||
| 245 |
_aInternational conference on software engineering and mobile application modelling and development : _bproceedings of ICSEMA 2012 / _cEdited by K M Mehata and Jingyu Hou. |
||
| 250 | _a1st ed. | ||
| 260 |
_aNew Delhi : _bAllied Publishers Pvt Ltd , _c2012. |
||
| 300 |
_axi,364p. ; _bPB _c25.2 cm |
||
| 650 |
_aSoftware quality measurement for reusability _9193445 |
||
| 650 |
_aTSVHOA- traffic sensitive vertical handoff algorithm _9193446 |
||
| 650 |
_aAn ontological approach for effective knowledge engineering _9193447 |
||
| 700 |
_aMehata, K M., ed. _9193448 |
||
| 700 |
_aHou, Jingyu., ed. _9193449 |
||
| 942 |
_2ddc _cBK _e1st _k001.072368 MEHK |
||
| 999 |
_c193468 _d193468 |
||